Safety, health, and environmental protection / (Record no. 6545)
[ view plain ]
| 000 -LEADER | |
|---|---|
| fixed length control field | 01478cam a2200241 4500 |
| 001 - CONTROL NUMBER | |
| control field | 7639 |
| 005 - DATE AND TIME OF LATEST TRANSACTION | |
| control field | 20181127184032.0 |
| 008 - FIXED-LENGTH DATA ELEMENTS--GENERAL INFORMATION | |
| fixed length control field | 970402s1998 mauab b 001 0 eng |
| 010 ## - LIBRARY OF CONGRESS CONTROL NUMBER | |
| LC control number | 97016349 |
| 020 ## - INTERNATIONAL STANDARD BOOK NUMBER | |
| International Standard Book Number | 0070693102 (acid-free paper) |
| 082 00 - DEWEY DECIMAL CLASSIFICATION NUMBER | |
| Classification number | 363.11 |
| Edition number | 21 |
| 100 1# - MAIN ENTRY--PERSONAL NAME | |
| Personal name | Wentz, Charles A. |
| 245 10 - TITLE STATEMENT | |
| Title | Safety, health, and environmental protection / |
| Statement of responsibility, etc. | Charles A. Wentz. |
| 260 ## - PUBLICATION, DISTRIBUTION, ETC. | |
| Place of publication, distribution, etc. | Boston, Mass. : |
| Name of publisher, distributor, etc. | WCB/McGraw-Hill, |
| Date of publication, distribution, etc. | c1998. |
| 300 ## - PHYSICAL DESCRIPTION | |
| Extent | xi, 468 p. : |
| Other physical details | ill., maps ; |
| Dimensions | 25 cm. |
| 440 #0 - SERIES STATEMENT/ADDED ENTRY--TITLE | |
| Title | McGraw-Hill series in water resources and environmental engineering |
| 504 ## - BIBLIOGRAPHY, ETC. NOTE | |
| Bibliography, etc. note | Includes bibliographical references and index. |
| 505 ## - FORMATTED CONTENTS NOTE | |
| Formatted contents note | Introduction to regulations and standards; risk perception and assessment; toxicology in the workplace; environmental protection; electrical hazards and protection; fire and explosion; hazards and protection; radiation hazards; noise hazards; hazard communication to employees; process operations; plant maintenance; management and engineering control; personal protective equipment; audits, incidents and emergencies. |
| Miscellaneous information | |
| Statement of responsibility | |
| Title | |
| 520 ## - SUMMARY, ETC. | |
| Summary, etc. | This textbook integrates scientific and engineering principles with legislation, regulation, technology and business. It covers hazard characterization, assessment, prevention and control, and satisfies the ABET requirements for safety, health and environmental training |
| 650 #0 - SUBJECT ADDED ENTRY--TOPICAL TERM | |
| Topical term or geographic name entry element | Industrial hygiene. |
| Topical term or geographic name entry element | Industrial safety. |
| Withdrawn status | Lost status | Source of classification or shelving scheme | Damaged status | Not for loan | Collection code | Home library | Current library | Shelving location | Serial Enumeration / chronology | Inventory number | Total Checkouts | Full call number | Barcode | Date last seen | Price effective from | Koha item type |
|---|---|---|---|---|---|---|---|---|---|---|---|---|---|---|---|---|
| Dewey Decimal Classification | Main TEST | RTC Library | RTC Library | Main opac | 11594 | 363.11 WEN | 30011644 | 27/11/2018 | 27/11/2018 | Main |